[Event "Bamberg-Open 2019"]
[Site "Bamberg"]
[Date "2019.06.02"]
[Round "7.16"]
[White "Boehme, Sebastian"]
[Black "Ruffenach, Alain"]
[Result "1-0"]
[WhiteElo "2103"]
[BlackElo "1936"]
[Annotator "ChessBase"]
[PlyCount "99"]
[EventDate "2019.05.12"]
[EventType "swiss"]
[EventCountry "GER"]
[SourceTitle "playchess.com"]
[Source "ChessBase"]
[SourceQuality "1"]
[TimeControl "40/5400+30:900+30"]

1. e4 {[%emt 0:00:00]} g6 {[%emt 0:01:48]} 2. d4 {[%emt 0:00:00]} Bg7 {[%emt 0:00:06]} 3. Nc3 {[%emt 0:00:11]} c5 {[%emt 0:00:40]} 4. Be3 {[%emt 0:03:01]} Qa5 {[%emt 0:03:51]} 5. Nge2 {[%emt 0:05:53]} Nf6 {[%emt 0:01:10]} 6. f3 {[%emt 0:01:30]} d6 {[%emt 0:05:14]} 7. Nc1 {[%emt 0:05:00]} cxd4 {[%emt 0:08:31]} 8. Nb3 {[%emt 0:01:08]} Qd8 {[%emt 0:05:44]} 9. Nxd4 {[%emt 0:01:09]} a6 {[%emt 0:00:19]} 10. Bc4 {[%emt 0:11:05]} Nc6 {[%emt 0:05:05]} 11. O-O {[%emt 0:02:05]} O-O {[%emt 0:02:03]} 12. Qd2 {[%emt 0:06:31]} Bd7 {[%emt 0:04:53]} 13. Nd5 {[%emt 0:05:12]} Nxd5 {[%emt 0:11:31]} 14. Bxd5 {[%emt 0:06:46]} e6 {[%emt 0:00:58]} 15. Bb3 {[%emt 0:06:28]} Na5 {[%emt 0:01:07]} 16. c3 {[%emt 0:02:37]} Qc7 {[%emt 0:02:48]} 17. Rfd1 {[%emt 0:02:00]} Rfd8 {[%emt 0:05:20]} 18. Bg5 {[%emt 0:04:12]} Re8 {[%emt 0:00:22]} 19. Kh1 {[%emt 0:04:51]} Rac8 {[%emt 0:06:31]} 20. Nc2 {[%emt 0:02:25]} Bc6 {[%emt 0:04:07]} 21. Qxd6 {[%emt 0:00:58]} Nxb3 {[%emt 0:01:02]} 22. Qxc7 {[%emt 0:01:00]} Rxc7 {[%emt 0:01:57]} 23. axb3 {[%emt 0:00:06]} h6 {[%emt 0:00:38]} 24. Be3 {[%emt 0:01:28]} Rcc8 {[%emt 0:01:14]} 25. Bb6 {[%emt 0:00:54]} f5 {[%emt 0:01:01]} 26. Re1 {[%emt 0:02:57]} fxe4 {[%emt 0:01:54]} 27. fxe4 {[%emt 0:00:10]} Rf8 {[%emt 0:01:11]} 28. g3 {[%emt 0:09:01]} Rf3 {[%emt 0:02:42]} 29. Rad1 {[%emt 0:01:05]} Rcf8 {[%emt 0:00:39]} 30. Kg2 {[%emt 0:02:12]} R3f5 {[%emt 0:00:53]} 31. Nb4 {[%emt 0:01:21]} Rb5 {[%emt 0:01:02]} 32. Bc7 {[%emt 0:03:54]} Rc8 {[%emt 0:01:56]} 33. Bd6 {[%emt 0:01:37]} Be8 {[%emt 0:00:58]} 34. c4 {[%emt 0:02:00]} Rb6 {[%emt 0:02:04]} 35. Rd3 {[%emt 0:00:58]} Bxb2 {[%emt 0:02:59]} 36. e5 {[%emt 0:02:42]} a5 {[%emt 0:01:42]} 37. Nc2 {[%emt 0:00:40]} a4 {[%emt 0:00:32]} 38. Rb1 {[%emt 0:02:10]} Rxb3 {[%emt 0:02:19]} 39. Rxb3 {[%emt 0:00:19]} axb3 {[%emt 0:00:57]} 40. Rxb2 {[%emt 0:01:48]} bxc2 {[%emt 0:00:23]} 41. Rxc2 {[%emt 0:15:12]} Bb5 {[%emt 0:17:57]} 42. c5 {[%emt 0:00:00]} Bc6+ {[%emt 0:01:16]} 43. Kh3 {[%emt 0:00:00]} Ra8 {[%emt 0:00:03]} 44. Rf2 {[%emt 0:00:00]} Bd5 {[%emt 0:00:20]} 45. Rf6 {[%emt 0:00:00]} Kg7 {[%emt 0:00:21]} 46. Rf2 {[%emt 0:00:00]} h5 {[%emt 0:00:57]} 47. Kh4 {[%emt 0:00:00]} Ra4+ {[%emt 0:00:30]} 48. Rf4 {[%emt 0:00:00]} Ra2 {[%emt 0:03:14]} 49. h3 {[%emt 0:00:00]} Ra8 {[%emt 0:02:39]} 50. Kg5 {[%emt 0:00:00]} 1-0

[Event "Bamberg-Open 2019"]
[Site "Bamberg"]
[Date "2019.06.02"]
[Round "7.17"]
[White "Carnot, Luca"]
[Black "Haasner, Tom"]
[Result "1-0"]
[WhiteElo "2043"]
[BlackElo "1963"]
[Annotator "NA"]
[PlyCount "157"]
[EventDate "2019.05.12"]
[EventType "swiss"]
[EventCountry "GER"]
[SourceTitle "playchess.com"]
[Source "ChessBase"]
[SourceQuality "1"]
[TimeControl "40/5400+30:900+30"]

1. c4 {[%emt 0:01:29]} c5 {[%emt 0:00:00]} 2. g3 {[%emt 0:00:05]} Nc6 {[%emt 0:00:11]} 3. Bg2 {[%emt 0:00:13]} g6 {[%emt 0:00:09]} 4. Nc3 {[%emt 0:00:05]} Bg7 {[%emt 0:00:08]} 5. e4 {[%emt 0:03:24]} e6 {[%emt 0:00:43]} 6. Nge2 {[%emt 0:00:08]} Nge7 {[%emt 0:00:55]} 7. O-O {[%emt 0:00:33]} O-O {[%emt 0:00:30]} 8. a3 {[%emt 0:00:10]} b6 {[%emt 0:21:01] A36: Symmetrical English vs ...g6: 4 Bg2 Bg7} (8... Nd4 9. d3 Nec6 10. Rb1 a5 11. a4 d6 12. h3 e5 13. Kh2 Be6 14. Nb5 Nxe2 15. Qxe2 Qd7 16. Bd2 {½-½ (35) Kaspi,A (2435)-Landa,K (2617) Escaldes 2017}) 9. Rb1 {[%emt 0:00:35]} a5 {[%emt 0:02:17]} 10. d3 {[%emt 0:02:59]} Nd4 {[%emt 0:19:01]} 11. Bf4 $146 {[%emt 0:11:56]} ({Predecessor:} 11. Nxd4 Bxd4 12. Bh6 Bg7 13. Bxg7 Kxg7 14. e5 Rb8 15. b4 axb4 16. axb4 cxb4 17. Rxb4 {1-0 (42) Gusev,Y (2380)-Titenko,V Podolsk 1982}) 11... Nxe2+ {[%emt 0:11:11]} 12. Qxe2 {[%emt 0:01:27]} d6 {[%emt 0:05:19]} 13. e5 {[%emt 0:07:07]} d5 {[%emt 0:00:24]} 14. Bg5 {[%emt 0:02:36]} Bb7 {[%emt 0:03:12]} 15. f4 {[%emt 0:01:23]} Re8 {[%emt 0:05:10]} 16. Nb5 {[%emt 0:02:30]} h6 {[%emt 0:00:52]} 17. Nd6 {[%emt 0:09:29]} hxg5 {[%emt 0:02:59]} 18. Nxb7 {[%emt 0:00:05]} Qd7 {[%emt 0:00:55]} 19. Nd6 {[%emt 0:00:02]} Rf8 {[%emt 0:02:26]} 20. fxg5 {[%emt 0:06:09]} (20. Rbe1 $16) 20... Rad8 {[%emt 0:06:55]} 21. cxd5 {[%emt 0:05:52]} Nxd5 {[%emt 0:01:18]} 22. Nc4 {[%emt 0:01:16]} b5 {[%emt 0:07:19]} 23. Nd2 {[%emt 0:03:39]} Ne7 {[%emt 0:02:22]} 24. Nb3 {[%emt 0:12:13]} a4 {[%emt 0:02:28]} 25. Nxc5 {[%emt 0:02:42]} Qd4+ {[%emt 0:00:11]} 26. Qf2 {[%emt 0:00:03]} Bxe5 {[%emt 0:01:19]} 27. Ne4 {[%emt 0:00:02]} Nf5 {[%emt 0:00:56]} 28. Rfd1 {[%emt 0:03:18]} Rc8 {[%emt 0:02:51]} 29. Rd2 {[%emt 0:04:02]} Kg7 {[%emt 0:00:01]} 30. Kf1 {[%emt 0:08:01]} Ne3+ {[%emt 0:00:55]} 31. Ke2 {[%emt 0:00:10]} Nd5 {[%emt 0:00:59]} 32. Qf3 {[%emt 0:01:02]} b4 {[%emt 0:00:29]} 33. axb4 {[%emt 0:02:09]} Qxb4 {[%emt 0:00:17]} 34. d4 {[%emt 0:03:35]} Qc4+ {[%emt 0:00:45]} 35. Qd3 {[%emt 0:00:22]} Qxd3+ {[%emt 0:00:26]} 36. Kxd3 {[%emt 0:00:13]} Bb8 {[%emt 0:00:35]} 37. Nc5 {[%emt 0:00:24]} Rfd8 {[%emt 0:00:28]} 38. Nxa4 {[%emt 0:01:31]} Nb4+ {[%emt 0:00:10]} 39. Ke4 {[%emt 0:01:52]} Ba7 {[%emt 0:00:49]} 40. Nc3 {[%emt 0:01:23]} Rc4 {[%emt 0:00:30]} 41. Nb5 {[%emt 0:15:27]} Bb8 {[%emt 0:02:31]} 42. Bf1 {[%emt 0:00:00]} Rc6 {[%emt 0:00:42]} 43. Ra1 {[%emt 0:00:00]} Bd6 {[%emt 0:06:18]} 44. Ra7 {[%emt 0:00:00]} Rc1 {[%emt 0:00:46]} 45. Rf2 {[%emt 0:00:00]} Re1+ {[%emt 0:00:30]} 46. Be2 {[%emt 0:00:00]} Kg8 {[%emt 0:02:17]} 47. Ke3 {[%emt 0:00:00]} Nd5+ {[%emt 0:00:27]} 48. Kd3 {[%emt 0:00:00]} Be7 {[%emt 0:00:30]} 49. Nc3 {[%emt 0:00:00]} Kf8 {[%emt 0:02:01]} 50. Kd2 {[%emt 0:00:56]} Rg1 {[%emt 0:00:12] [#]} 51. Bc4 $1 {[%emt 0:00:45]} Bxg5+ {[%emt 0:00:23]} 52. Ke2 {[%emt 0:00:32]} Be7 {[%emt 0:02:21]} (52... f5 $16 {might work better.}) 53. Bxd5 $1 {[%emt 0:02:09]} exd5 {[%emt 0:00:07]} 54. Rb7 {[%emt 0:00:26]} Rc1 {[%emt 0:00:28]} 55. Kd3 {[%emt 0:00:19]} f5 {[%emt 0:01:08]} (55... Rd6 {is a better defense.} 56. Ra7 Rd8) 56. g4 {[%emt 0:00:12]} Bd6 {[%emt 0:01:38]} 57. gxf5 {[%emt 0:00:13]} g5 {[%emt 0:00:07]} 58. Rb5 {[%emt 0:02:33]} ({Weaker is} 58. Nxd5 Rd1+ 59. Rd2 Rxd2+ 60. Kxd2 Bxh2 $18) 58... Bf4 {[%emt 0:00:23]} 59. Nxd5 {[%emt 0:00:48]} Rd1+ {[%emt 0:00:23]} 60. Kc3 {[%emt 0:00:33]} Rc8+ {[%emt 0:00:21]} 61. Kb3 {[%emt 0:00:28]} Rxd4 {[%emt 0:00:08]} (61... Rd3+ $16 {was called for.} 62. Nc3 Rxd4) 62. Nxf4 {[%emt 0:00:04]} gxf4 {[%emt 0:00:16]} 63. Rf3 {[%emt 0:00:56]} ({Better is} 63. Rb4 $18 Rd3+ 64. Ka2) 63... Re4 $2 {[%emt 0:00:56]} (63... Kf7 $14) 64. Rb4 {[%emt 0:00:24]} Rce8 {[%emt 0:00:30]} 65. Rxf4 {[%emt 0:00:57]} Re3+ {[%emt 0:00:29]} 66. Ka2 {[%emt 0:01:09]} Rh3 {[%emt 0:00:33]} 67. Rf2 {[%emt 0:00:49]} Ra8+ {[%emt 0:00:05]} 68. Kb1 {[%emt 0:00:04]} Kf7 {[%emt 0:00:33]} 69. f6 {[%emt 0:00:09]} Ra7 {[%emt 0:00:08]} 70. Rg4 {[%emt 0:00:35]} Kf8 {[%emt 0:00:34]} 71. Rg3 {[%emt 0:00:51]} Rh5 {[%emt 0:00:21]} 72. Kc2 {[%emt 0:00:12]} Rb7 {[%emt 0:00:20]} 73. Rd2 {[%emt 0:00:30]} Rb8 {[%emt 0:00:55]} 74. Rgd3 {[%emt 0:01:03]} Kf7 {[%emt 0:00:20]} 75. Rd7+ {[%emt 0:00:05]} Kxf6 {[%emt 0:00:26]} 76. R2d6+ {[%emt 0:00:03]} Kg5 {[%emt 0:00:19]} 77. Rd5+ {[%emt 0:00:04]} Kh4 {[%emt 0:00:09]} 78. Rxh5+ {[%emt 0:00:06]} Kxh5 $18 {[%emt 0:00:08]} 79. Rd4 {[%emt 0:00:03]} 1-0

[Event "Bamberg-Open 2019"]
[Site "Bamberg"]
[Date "2019.06.02"]
[Round "7.18"]
[White "Hoekstra, Peter"]
[Black "Hiemer, Bernd"]
[Result "1-0"]
[WhiteElo "1979"]
[BlackElo "2036"]
[Annotator "NA"]
[PlyCount "75"]
[EventDate "2019.05.12"]
[EventType "swiss"]
[EventCountry "GER"]
[SourceTitle "playchess.com"]
[Source "ChessBase"]
[SourceQuality "1"]
[TimeControl "40/5400+30:900+30"]

1. e4 {[%emt 0:05:35]} d6 {[%emt 0:01:20]} 2. d4 {[%emt 0:00:12]} Nf6 {[%emt 0:00:04]} 3. Nc3 {[%emt 0:00:06]} g6 {[%emt 0:00:03]} 4. h3 {[%emt 0:01:12]} Bg7 {[%emt 0:00:11]} 5. Be3 {[%emt 0:00:06]} c6 {[%emt 0:00:19]} 6. a4 {[%emt 0:00:36]} O-O {[%emt 0:00:28]} 7. Nf3 {[%emt 0:00:04]} Qa5 {[%emt 0:02:49]} 8. Nd2 {[%emt 0:01:36]} Nbd7 {[%emt 0:05:35]} 9. Be2 {[%emt 0:11:33] B08: Pirc Defence: Classical System} Qc7 {[%emt 0:05:58]} 10. Nc4 {[%emt 0:00:39]} b6 $146 {[%emt 0:08:40]} ({Predecessor:} 10... d5 11. exd5 Nxd5 12. Nxd5 cxd5 13. Na3 a6 14. O-O Nf6 15. Bf3 Be6 16. Re1 Rac8 {1-0 (49) Hoffmann,P (2355)-Konstacky,M (2117) Litomysl 2009}) 11. f4 {[%emt 0:10:38]} Nxe4 {[%emt 0:16:29]} 12. Nxe4 {[%emt 0:01:38]} d5 {[%emt 0:00:17]} 13. Ng5 {[%emt 0:04:24]} dxc4 {[%emt 0:01:10]} 14. Bxc4 {[%emt 0:00:06]} Nf6 {[%emt 0:00:21]} 15. O-O {[%emt 0:03:35]} Nd5 {[%emt 0:00:37]} 16. Bc1 {[%emt 0:03:22]} h6 {[%emt 0:06:48]} 17. Nf3 {[%emt 0:07:41]} Nxf4 {[%emt 0:15:27]} 18. Bxf4 {[%emt 0:00:53]} Qxf4 {[%emt 0:00:03]} 19. Ne5 {[%emt 0:00:31]} Qe3+ {[%emt 0:00:07]} 20. Kh1 {[%emt 0:03:27]} Bxe5 {[%emt 0:01:13]} 21. dxe5 {[%emt 0:00:04]} Bxh3 {[%emt 0:05:38]} 22. Rf3 {[%emt 0:01:36]} Bxg2+ {[%emt 0:03:12]} 23. Kxg2 {[%emt 0:02:43]} Qxe5 {[%emt 0:00:05]} 24. Qd3 {[%emt 0:02:50]} (24. Qd2 $1 $14) 24... Kg7 {[%emt 0:03:12]} 25. Raf1 {[%emt 0:00:37]} Qg5+ {[%emt 0:04:28]} 26. Rg3 {[%emt 0:00:34]} Qh5 {[%emt 0:05:59]} 27. Rf5 {[%emt 0:00:56]} g5 {[%emt 0:00:13]} 28. Qd4+ $18 {[%emt 0:04:16]} (28. Qe3 $142) 28... f6 {[%emt 0:02:26]} 29. Qe4 {[%emt 0:00:11]} Qe8 {[%emt 0:00:51]} 30. Bd3 {[%emt 0:00:12]} Rh8 {[%emt 0:00:54]} 31. Re3 {[%emt 0:02:32]} Kf8 {[%emt 0:04:59]} 32. Ref3 {[%emt 0:04:46]} Kg7 {[%emt 0:00:03]} 33. Re5 {[%emt 0:03:31]} Kf8 {[%emt 0:01:13]} 34. Rxf6+ {[%emt 0:06:55]} exf6 {[%emt 0:00:11]} 35. Rxe8+ {[%emt 0:00:04]} Rxe8 {[%emt 0:00:05]} 36. Qxc6 {[%emt 0:01:12]} Kf7 {[%emt 0:02:52]} 37. Qd7+ {[%emt 0:00:27]} Kf8 {[%emt 0:00:54]} 38. Bc4 {[%emt 0:01:09]} 1-0

[Event "Bamberg-Open 2019"]
[Site "Bamberg"]
[Date "2019.06.02"]
[Round "7.19"]
[White "Chennaoui, Yasin"]
[Black "Pribyl, Viktor"]
[Result "1-0"]
[WhiteElo "2184"]
[BlackElo "1933"]
[Annotator "ChessBase"]
[PlyCount "93"]
[EventDate "2019.05.12"]
[EventType "swiss"]
[EventCountry "GER"]
[SourceTitle "playchess.com"]
[Source "ChessBase"]
[SourceQuality "1"]
[TimeControl "40/5400+30:900+30"]

1. e4 {[%emt 0:00:00]} c5 {[%emt 0:00:10]} 2. Nc3 {[%emt 0:00:08]} d6 {[%emt 0:00:34]} 3. g3 {[%emt 0:02:23]} Nc6 {[%emt 0:01:35]} 4. Bg2 {[%emt 0:00:06]} g6 {[%emt 0:00:27]} 5. d3 {[%emt 0:02:29]} Bg7 {[%emt 0:00:27]} 6. f4 {[%emt 0:00:54]} e6 {[%emt 0:00:41]} 7. Nf3 {[%emt 0:00:26]} Nge7 {[%emt 0:02:08]} 8. O-O {[%emt 0:00:27]} O-O {[%emt 0:01:14]} 9. Be3 {[%emt 0:04:06]} Nd4 {[%emt 0:09:33]} 10. Qd2 {[%emt 0:01:28]} f5 {[%emt 0:10:14]} 11. Rae1 {[%emt 0:01:29]} Nec6 {[%emt 0:07:18]} 12. Nd1 {[%emt 0:19:51]} e5 {[%emt 0:23:50]} 13. c3 {[%emt 0:00:47]} Ne6 {[%emt 0:01:25]} 14. exf5 {[%emt 0:04:20]} gxf5 {[%emt 0:01:58]} 15. fxe5 {[%emt 0:00:15]} dxe5 {[%emt 0:00:27]} 16. Bh6 {[%emt 0:00:25]} Qf6 {[%emt 0:06:01]} 17. Bxg7 {[%emt 0:00:11]} Qxg7 {[%emt 0:00:02]} 18. Qe2 {[%emt 0:00:43]} c4 {[%emt 0:02:14]} 19. Nxe5 {[%emt 0:01:10]} Nxe5 {[%emt 0:03:07]} 20. Qxe5 {[%emt 0:00:03]} Qxe5 {[%emt 0:00:17]} 21. Rxe5 {[%emt 0:00:03]} cxd3 {[%emt 0:00:17]} 22. Bd5 {[%emt 0:00:26]} Rf6 {[%emt 0:00:52]} 23. Ne3 {[%emt 0:01:03]} Bd7 {[%emt 0:01:58]} 24. Rexf5 {[%emt 0:03:44]} Rxf5 {[%emt 0:00:24]} 25. Nxf5 {[%emt 0:00:48]} Rf8 {[%emt 0:03:19]} 26. Nd4 {[%emt 0:00:19]} Re8 {[%emt 0:00:45]} 27. Rd1 {[%emt 0:01:17]} Kh8 {[%emt 0:00:27]} 28. Nxe6 {[%emt 0:00:08]} Bxe6 {[%emt 0:00:01]} 29. Bxe6 {[%emt 0:00:09]} Rxe6 {[%emt 0:00:12]} 30. Rxd3 {[%emt 0:00:02]} Rb6 {[%emt 0:00:53]} 31. b3 {[%emt 0:00:11]} Kg7 {[%emt 0:00:05]} 32. Rd7+ {[%emt 0:01:04]} Kg6 {[%emt 0:00:07]} 33. Rc7 {[%emt 0:00:52]} h6 {[%emt 0:00:28]} 34. Kf2 {[%emt 0:00:06]} Kf5 {[%emt 0:00:16]} 35. Kf3 {[%emt 0:00:11]} Ke5 {[%emt 0:00:48]} 36. Kg4 {[%emt 0:00:07]} Ke4 {[%emt 0:00:11]} 37. Kh5 {[%emt 0:01:35]} Kf3 {[%emt 0:01:28]} 38. Rg7 {[%emt 0:00:31]} Ra6 {[%emt 0:01:02]} 39. a4 {[%emt 0:01:01]} Rb6 {[%emt 0:00:20]} 40. b4 {[%emt 0:00:07]} Rc6 {[%emt 0:02:28]} 41. Rxb7 {[%emt 0:15:19]} Kg2 {[%emt 0:15:18]} 42. b5 {[%emt 0:00:34]} Rxc3 {[%emt 0:00:11]} 43. Rxa7 {[%emt 0:00:16]} Kxh2 {[%emt 0:00:02]} 44. Rg7 {[%emt 0:00:49]} Kh3 {[%emt 0:00:55]} 45. b6 {[%emt 0:00:26]} Rc5+ {[%emt 0:00:10]} 46. Kxh6 {[%emt 0:00:05]} Rc6+ {[%emt 0:00:12]} 47. Rg6 {[%emt 0:00:07]} 1-0

[Event "Bamberg-Open 2019"]
[Site "Bamberg"]
[Date "2019.06.02"]
[Round "7.20"]
[White "Stauch, Edgar"]
[Black "Minor, Viatcheslav"]
[Result "1/2-1/2"]
[WhiteElo "2207"]
[BlackElo "2032"]
[Annotator "ChessBase"]
[PlyCount "80"]
[EventDate "2019.05.12"]
[EventType "swiss"]
[EventCountry "GER"]
[SourceTitle "playchess.com"]
[Source "ChessBase"]
[SourceQuality "1"]
[TimeControl "40/5400+30:900+30"]

1. c4 {[%emt 0:00:00]} Nf6 {[%emt 0:00:00]} 2. g3 {[%emt 0:00:00]} c5 {[%emt 0:00:20]} 3. Bg2 {[%emt 0:01:25]} d5 {[%emt 0:00:12]} 4. cxd5 {[%emt 0:00:09]} Nxd5 {[%emt 0:00:03]} 5. Nc3 {[%emt 0:00:08]} Nc7 {[%emt 0:00:08]} 6. Nf3 {[%emt 0:08:33]} Nc6 {[%emt 0:00:45]} 7. O-O {[%emt 0:16:45]} e5 {[%emt 0:01:20]} 8. d3 {[%emt 0:00:55]} Be7 {[%emt 0:00:10]} 9. Ne1 {[%emt 0:01:42]} Bd7 {[%emt 0:12:31]} 10. f4 {[%emt 0:01:51]} exf4 {[%emt 0:02:30]} 11. gxf4 {[%emt 0:16:34]} O-O {[%emt 0:02:32]} 12. e4 {[%emt 0:04:21]} Ne6 {[%emt 0:03:10]} 13. Qh5 {[%emt 0:02:09]} Ned4 {[%emt 0:02:06]} 14. Be3 {[%emt 0:03:22]} Rc8 {[%emt 0:01:15]} 15. Rc1 {[%emt 0:01:51]} f6 {[%emt 0:00:38]} 16. Kh1 {[%emt 0:01:10]} Be8 {[%emt 0:02:43]} 17. Qd1 {[%emt 0:01:26]} Bd6 {[%emt 0:00:25]} 18. Bh3 {[%emt 0:01:17]} Bd7 {[%emt 0:01:05]} 19. Qh5 {[%emt 0:02:10]} Bxh3 {[%emt 0:04:09]} 20. Qxh3 {[%emt 0:00:01]} Qe7 {[%emt 0:03:45]} 21. Nd5 {[%emt 0:01:01]} Qe6 {[%emt 0:03:49]} 22. f5 {[%emt 0:01:57]} Qf7 {[%emt 0:00:58]} 23. Ng2 {[%emt 0:07:52]} Rfe8 {[%emt 0:05:29]} 24. Rf2 {[%emt 0:01:57]} Nb4 {[%emt 0:10:10]} 25. Ngf4 {[%emt 0:05:55]} Be5 {[%emt 0:14:44]} 26. Rg2 {[%emt 0:03:40]} Nxd5 {[%emt 0:02:45]} 27. Nxd5 {[%emt 0:00:39]} Kh8 {[%emt 0:07:24]} 28. Rcg1 {[%emt 0:00:58]} Rg8 {[%emt 0:00:32]} 29. Rg4 {[%emt 0:01:20]} Nxf5 {[%emt 0:00:14]} 30. exf5 {[%emt 0:02:57]} Qxd5+ {[%emt 0:00:19]} 31. R1g2 {[%emt 0:00:09]} g6 {[%emt 0:04:07]} 32. fxg6 {[%emt 0:01:47]} Rc7 {[%emt 0:01:49]} 33. Bh6 {[%emt 0:03:47]} f5 {[%emt 0:02:22]} 34. Rg5 {[%emt 0:02:50]} Rxg6 {[%emt 0:02:25]} 35. Rxg6 {[%emt 0:00:20]} hxg6 {[%emt 0:00:01]} 36. Bf4+ {[%emt 0:02:18]} Rh7 {[%emt 0:00:23]} 37. Bxe5+ {[%emt 0:00:03]} Qxe5 {[%emt 0:00:19]} 38. Qf3 {[%emt 0:01:05]} Qe1+ 39. Rg1 Qe6 40. Rg2 Rg7 1/2-1/2

[Event "Bamberg-Open 2019"]
[Site "Bamberg"]
[Date "2019.06.02"]
[Round "7.21"]
[White "Schmidt, Justus"]
[Black "Waffenschmidt, Joachim"]
[Result "1-0"]
[WhiteElo "2153"]
[BlackElo "1983"]
[Annotator "ChessBase"]
[PlyCount "47"]
[EventDate "2019.05.12"]
[EventType "swiss"]
[EventCountry "GER"]
[SourceTitle "playchess.com"]
[Source "ChessBase"]
[SourceQuality "1"]
[TimeControl "40/5400+30:900+30"]

1. e4 {[%emt 0:00:00]} c5 {[%emt 0:08:56]} 2. Nf3 {[%emt 0:00:00]} d6 {[%emt 0:00:01]} 3. g3 {[%emt 0:00:00]} Nf6 {[%emt 0:00:42]} 4. d3 {[%emt 0:00:50]} Nc6 {[%emt 0:00:20]} 5. Bg2 {[%emt 0:00:05]} e6 {[%emt 0:03:00]} 6. O-O {[%emt 0:00:05]} Be7 {[%emt 0:00:02]} 7. Nc3 {[%emt 0:02:21]} O-O {[%emt 0:00:11]} 8. Ng5 {[%emt 0:03:20]} h6 {[%emt 0:01:51]} 9. Nh3 {[%emt 0:00:03]} Rb8 {[%emt 0:12:11]} 10. a4 {[%emt 0:00:59]} a6 {[%emt 0:02:58]} 11. f4 {[%emt 0:01:28]} Qc7 {[%emt 0:01:10]} 12. g4 {[%emt 0:11:15]} Nh7 {[%emt 0:05:56]} 13. Ne2 {[%emt 0:14:42]} f5 {[%emt 0:04:40]} 14. exf5 {[%emt 0:09:14]} exf5 {[%emt 0:02:02]} 15. g5 {[%emt 0:02:43]} Be6 {[%emt 0:02:10]} 16. Nc3 {[%emt 0:05:50]} Bf7 {[%emt 0:10:16]} 17. Bd5 {[%emt 0:07:47]} Bxd5 {[%emt 0:00:16]} 18. Nxd5 {[%emt 0:00:06]} Qd7 {[%emt 0:00:18]} 19. c3 {[%emt 0:10:13]} Qe6 {[%emt 0:01:54]} 20. Qf3 {[%emt 0:04:41]} hxg5 {[%emt 0:07:21]} 21. fxg5 {[%emt 0:00:18]} Ne5 {[%emt 0:00:13]} 22. Qg2 {[%emt 0:00:33]} Nxd3 {[%emt 0:00:24]} 23. Nxe7+ {[%emt 0:00:14]} Qxe7 {[%emt 0:00:02]} 24. Qd5+ {[%emt 0:00:09]} 1-0

[Event "Bamberg-Open 2019"]
[Site "Bamberg"]
[Date "2019.06.02"]
[Round "7.22"]
[White "Gass, Ulrich"]
[Black "Krauseneck, Peter"]
[Result "1/2-1/2"]
[WhiteElo "2029"]
[BlackElo "2136"]
[Annotator "ChessBase"]
[PlyCount "28"]
[EventDate "2019.05.12"]
[EventType "swiss"]
[EventCountry "GER"]
[SourceTitle "playchess.com"]
[Source "ChessBase"]
[SourceQuality "1"]
[TimeControl "40/5400+30:900+30"]

1. e4 {[%emt 0:00:00]} b6 {[%emt 0:00:00]} 2. d4 {[%emt 0:00:00]} Bb7 {[%emt 0:00:00]} 3. f3 {[%emt 0:00:39]} e6 {[%emt 0:00:00]} 4. Bd3 {[%emt 0:00:17]} d6 {[%emt 0:00:00]} 5. Ne2 {[%emt 0:00:24]} g6 {[%emt 0:00:00]} 6. Be3 {[%emt 0:00:26]} Bg7 {[%emt 0:00:00]} 7. Qd2 {[%emt 0:00:39]} h6 {[%emt 0:00:08]} 8. c4 {[%emt 0:00:19]} Nd7 {[%emt 0:00:02]} 9. Nbc3 {[%emt 0:00:14]} Ne7 {[%emt 0:00:03]} 10. O-O {[%emt 0:00:49]} a6 {[%emt 0:00:22]} 11. Rad1 {[%emt 0:00:53]} c5 {[%emt 0:00:13]} 12. Bc2 {[%emt 0:00:25]} Qc7 {[%emt 0:00:11]} 13. dxc5 {[%emt 0:00:29]} dxc5 {[%emt 0:00:06]} 14. Bf4 {[%emt 0:00:33]} Be5 {[%emt 0:00:34]} 1/2-1/2

[Event "Bamberg-Open 2019"]
[Site "Bamberg"]
[Date "2019.06.02"]
[Round "7.24"]
[White "Syed, Tareq"]
[Black "Boehme, Markus"]
[Result "1/2-1/2"]
[WhiteElo "2001"]
[BlackElo "2118"]
[Annotator "ChessBase"]
[PlyCount "42"]
[EventDate "2019.05.12"]
[EventType "swiss"]
[EventCountry "GER"]
[SourceTitle "playchess.com"]
[Source "ChessBase"]
[SourceQuality "1"]
[TimeControl "40/5400+30:900+30"]

1. d3 {[%emt 0:09:34]} e5 {[%emt 0:00:05]} 2. g3 {[%emt 0:00:02]} d5 {[%emt 0:00:13]} 3. Nd2 {[%emt 0:00:08]} Nf6 {[%emt 0:00:41]} 4. Bg2 {[%emt 0:00:13]} c6 {[%emt 0:00:26]} 5. e4 {[%emt 0:00:54]} Bd6 {[%emt 0:01:16]} 6. Nh3 {[%emt 0:02:48]} O-O {[%emt 0:03:06]} 7. O-O {[%emt 0:01:39]} Re8 {[%emt 0:04:30]} 8. f3 {[%emt 0:02:11]} Na6 {[%emt 0:09:11]} 9. Nf2 {[%emt 0:00:58]} Qb6 {[%emt 0:08:59]} 10. Kh1 {[%emt 0:01:15]} Be6 {[%emt 0:09:37]} 11. c3 {[%emt 0:20:56]} Rad8 {[%emt 0:02:37]} 12. Qe2 {[%emt 0:06:15]} dxe4 {[%emt 0:13:02]} 13. dxe4 {[%emt 0:03:42]} Nc5 {[%emt 0:02:43]} 14. b3 {[%emt 0:13:01]} Rd7 {[%emt 0:04:25]} 15. Bh3 {[%emt 0:07:01]} Bxh3 {[%emt 0:01:15]} 16. Nxh3 {[%emt 0:00:02]} Bb8 {[%emt 0:01:14]} 17. Nc4 {[%emt 0:03:02]} Qd8 {[%emt 0:01:58]} 18. Nf2 {[%emt 0:02:24]} Nd3 {[%emt 0:02:25]} 19. Bg5 {[%emt 0:01:23]} Nxf2+ {[%emt 0:00:38]} 20. Rxf2 {[%emt 0:00:36]} h6 {[%emt 0:00:32]} 21. Be3 {[%emt 0:01:33]} b5 {[%emt 0:04:20]} 1/2-1/2